000 01547cam a22002054a 4500
005 20250605163450.0
008 250528s ||||||||||||||||||||||||d
035 _a19822
020 _a9600105057
040 _aGR-AtMCL
_bgre
_dGR-AtMCL
_eAACR2
245 1 _aΗ Κοινωνία του Ανθρώπου / Εισαγωγή στην Κοινωνιολογία
250 _a10η
260 _bGutenberg,
_c1996
300 _a660
520 _aΠρόλογος, Η Επιστήμη της Κοινωνίας, Η Γένεση της Κοινωνιολογίας, Οι Θεμελιωτές της Κοινωνιολογίας, Η Κοινωνιολογία ως Επιστήμη, Θεωρία της Κοινωνίας, Η Κοινωνία, Η Κοινωνική Συνοχή και η Διάσπαση της, Η Κοινωνική Ένταξη και Ενσωμάτωση του Ατόμου, Η Κοινωνική Αλλαγή, Σύνολα και Διαδικασίες, Ο Πληθυσμός, Ομάδες και Κατηγορίες, Κοινωνική Στρωμάτωση, Η Αγροτική Κοινότητα, Πόλη και Μεγαλούπολη, Κοινωνικοί Θεσμοί, Οικογένεια και Συγγένεια, Πολιτικοί Θεσμοί, Θρησκεία και Θρησκευτικοί Θεσμοί, Θεσμοί Εκπαίδευσης και Κοινωνικοποίησης, Οικονομικοί Θεσμοί.
700 1 _aΤσαουσής Δ. Γ
942 _cBK
999 _c5069
_d5069